00181nam a2200061Ia 4500008004100000100002900041245004900070170617s9999 xx 000 0 und d aBare Act (Govt.of india) 4aThe Indian Medical Central Council Act(1970)